[Event "Reykjavik op"]
[Site "Reykjavik"]
[Date "2023.04.02"]
[Round "7"]
[White "Endeberg, Ivar"]
[Black "Vander Zwalmen, Miranda"]
[Result "1/2-1/2"]
[WhiteElo "1302"]
[BlackElo "1625"]
[PlyCount "220"]
[EventDate "2023.03.29"]
[EventType "swiss"]
[EventRounds "9"]
[EventCountry "ISL"]
[SourceTitle "EXT 2024"]
[Source "ChessBase"]
[SourceDate "2023.10.10"]
[SourceVersion "1"]
[SourceVersionDate "2023.10.10"]
[SourceQuality "1"]

1. e4 c5 2. d4 cxd4 3. c3 dxc3 4. Nxc3 e5 5. Nf3 Nc6 6. Bc4 h6 7. Qb3 Qe7 8. Nd5 Qd6 9. Nh4 g6 10. 0-0 Nf6 11. f4 Bg7 12. fxe5 Nxe5 13. Be3 Nxd5 14. Bxd5 0-0 15. Rad1 Qe7 16. g3 d6 17. Bd4 Bh3 18. Bxe5 Bxf1 19. Bxg7 Kxg7 20. Rxf1 Rac8 21. Qxb7 Qxb7 22. Bxb7 Rb8 23. Bd5 Rxb2 24. Rc1 f5 25. exf5 gxf5 26. Rc7+ Kf6 27. Rxa7 Ke5 28. Bb3 Rc8 29. Ra5+ Ke4 30. Rxf5 Rc1+ 31. Rf1 Rc5 32. Re1+ Kd3 33. Rd1+ Ke3 34. Rf1 d5 35. Nf5+ Ke4 36. Bxd5+ Rxd5 37. Nxh6 Rdd2 38. Ng4 Rxa2 39. h4 Rg2+ 40. Kh1 Rxg3 41. Nf2+ Ke3 42. Nd1+ Kd4 43. Nf2 Re2 44. Kh2 Rg8 45. Kh3 Re3+ 46. Kh2 Rf3 47. Rd1+ Ke3 48. Nh1 Ra8 49. Re1+ Kf4 50. Rb1 Ra2+ 51. Kg1 Rc3 52. Rb4+ Kf3 53. Rb1 Rg2+ 54. Kf1 Rh2 55. Kg1 Rcc2 56. Rb3+ Ke4 57. Rb4+ Kd5 58. Rb5+ Kc6 59. Rb8 Kc7 60. Ra8 Rxh4 61. Ra7+ Kb6 62. Ra1 Rch2 63. Nf2 Rh8 64. Rb1+ Ka5 65. Ra1+ Kb4 66. Rb1+ Kc3 67. Re1 Kd2 68. Re7 R2h4 69. Rd7+ Ke3 70. Re7+ Kd4 71. Rd7+ Ke5 72. Re7+ Kf6 73. Ra7 Ke6 74. Ra6+ Kd5 75. Ra5+ Kc6 76. Ra6+ Kb5 77. Ra7 Rg8+ 78. Kf1 Rf4 79. Re7 Rgf8 80. Re2 Kc4 81. Kg1 Rg8+ 82. Kf1 Rgf8 83. Kg1 Rg8+ 84. Kf1 Kc3 85. Re7 Rd8 86. Rc7+ Kb4 87. Rb7+ Kc5 88. Rc7+ Kb6 89. Rc2 Ra8 90. Rb2+ Kc5 91. Rc2+ Kd4 92. Re2 Raf8 93. Kg1 Rg8+ 94. Kf1 Ra8 95. Kg1 Ra3 96. Kf1 Rd3 97. Ra2 Rff3 98. Ra4+ Kc5 99. Ra5+ Kb4 100. Ra2 Ra3 101. Rb2+ Ka4 102. Re2 Kb4 103. Re4+ Kc5 104. Re5+ Kd4 105. Re2 Rae3 106. Ra2 Re8 107. Ra4+ Kd5 108. Ra5+ Kc6 109. Ra6+ Kb7 110. Ra2 Rd8 1/2-1/2

[Event "Geraardsbergen op"]
[Site "Geraardsbergen"]
[Date "2003.08.16"]
[Round "6"]
[White "Vander Zwalmen, Miranda"]
[Black "Legemaat, Gert"]
[Result "0-1"]
[WhiteElo "1666"]
[BlackElo "1900"]
[PlyCount "86"]
[EventDate "2003.08.??"]
[EventType "swiss"]
[EventRounds "7"]
[EventCountry "BEL"]
[SourceTitle "EXT 2005"]
[Source "ChessBase"]
[SourceDate "2004.11.15"]
[SourceVersion "1"]
[SourceVersionDate "2004.11.15"]
[SourceQuality "1"]

1. e4 e6 2. d4 d5 3. Nd2 Nf6 4. e5 Nfd7 5. Nb3 c5 6. c4 dxc4 7. Bxc4 cxd4 8. Nf3 Nc6 9. 0-0 Ndxe5 10. Nxe5 Nxe5 11. Bb5+ Bd7 12. Nxd4 a6 13. Bxd7+ Qxd7 14. Nb3 Qxd1 15. Rxd1 Rd8 16. Rxd8+ Kxd8 17. Bf4 Nc6 18. Rd1+ Kc8 19. Rc1 Kd7 20. Rd1+ Ke8 21. Bc7 Be7 22. Bb6 h5 23. Nc5 Bxc5 24. Bxc5 h4 25. Rd3 Rh5 26. Be3 Rb5 27. Rd2 f6 28. a3 Rd5 29. b4 Rxd2 30. Bxd2 Ne5 31. Kf1 Kd7 32. Ke2 Kc6 33. f4 Nc4 34. Bc1 Kd5 35. Kd3 b5 36. g4 hxg3 37. hxg3 f5 38. Ke2 Kd4 39. Kf3 Kd3 40. Kf2 Kc2 41. Be3 Nxa3 42. Bd4 Kb3 43. Bxg7 Nc2 0-1